| 000 | 00571nam a2200157Ia 4500 | ||
|---|---|---|---|
| 003 | GCL | ||
| 005 | 20240530110856.0 | ||
| 008 | 140319s9999 xx 000 0 ara d | ||
| 040 |
_aGCL / _cGCL |
||
| 082 | 0 | 4 |
_a398 _bم م |
| 100 | 1 | _aمحمد الجوهرى | |
| 245 | 1 | 0 |
_aمن دليل العمل الميدانى لجامعى التراث الشعبى / _cمحمد الجوهرى _nالجزء الثانى . _pالدراسة العلمية للمعتقدات الشعبية |
| 260 |
_a[S.N] : _bدار المعرفة ، _c1993 |
||
| 300 | _a245 ص | ||
| 942 |
_2ddc _cBK |
||
| 999 |
_c66047 _d66047 |
||